Теплопроводность твердых тел: пер. с англ.

Λεπτομέρειες βιβλιογραφικής εγγραφής
Κύριος συγγραφέας: Карслоу Г.
Άλλοι συγγραφείς: Егер Д. (редактор), Померанцев А. А.
Γλώσσα:Ρωσικά
Έκδοση: Москва, Наука, 1964
Θέματα:
Μορφή: Βιβλίο
KOHA link:https://koha.lib.tpu.ru/cgi-bin/koha/opac-detail.pl?biblionumber=80232

MARC

LEADER 00000nam0a2200000 4500
001 80232
005 20231101213110.0
035 |a (RuTPU)RU\TPU\book\86233 
090 |a 80232 
100 |a 20050902d1964 k y0rusy50 ca 
101 1 |a rus  |c eng 
102 |a RU 
105 |a a z 001zy 
200 1 |a Теплопроводность твердых тел  |e пер. с англ.  |f Г. Карслоу, Д. Егер 
210 |a Москва  |c Наука  |d 1964 
215 |a 488 с.  |c черт. 
320 |a Библиогр. в конце глав 
606 |a Теплофизика  |2 stltpush  |3 (RuTPU)RU\TPU\subj\59814  |9 77311 
610 1 |a теплопроводность 
610 1 |a твердые тела 
610 1 |a тепловой поток 
610 1 |a тепло 
610 1 |a физическое строение 
610 1 |a преобразование Лапласа 
610 1 |a функции Грина 
610 1 |a численные методы 
610 1 |a библиотека А. Г. Стромберга 
675 |a 536  |v 3 
700 1 |a Карслоу  |b Г. 
701 1 |a Егер  |b Д. 
702 1 |a Померанцев  |b А. А.  |4 340 
801 1 |a RU  |b 63413507  |c 20050902  |g PSBO 
801 2 |a RU  |b 63413507  |c 20170918  |g PSBO 
942 |c BK